[Event "Queens Festival Europe 2022"]
[Site "Tornelo"]
[Date "2022.06.19"]
[Round "11.2"]
[White "Farzaliyeva, Shams"]
[Black "Catabay, Mae Katelyn Rose"]
[Result "1-0"]
[WhiteElo "1219"]
[BlackElo "1321"]
[Annotator "NA RC"]
[PlyCount "105"]
[EventDate "2022.06.19"]
[EventType "swiss"]
[EventCountry "NET"]
[SourceTitle "playchess.com"]
[Source "ChessBase"]
[SourceQuality "1"]

1. d4 Nf6 2. c4 g6 3. Nc3 Bg7 4. Bg5 d6 5. e3 Nbd7 6. Nf3 O-O 7. Bd3 h6 8. Bh4 Re8 9. d5 c6 10. O-O cxd5 11. cxd5 Nb6 12. Bc2 Bg4 13. Bxf6 Bxf6 14. Bb3 Qd7 15. h3 Bxf3 16. Qxf3 Rac8 17. Rac1 Kg7 18. Rfd1 e5 19. dxe6 fxe6 20. Ne4 Be7 21. Qg4 Bf8 22. Rxc8 Nxc8 23. Nc5 Qe7 24. Nxe6+ Kh7 25. Nxf8+ Rxf8 26. Qb4 b6 27. Bd5 Qf6 28. Bf3 a5 29. Qb3 h5 30. Rc1 g5 31. Rc7+ Kh6 32. Qd3 Ne7 33. Rd7 Nf5 34. e4 Ng7 35. Rxd6 Ne6 36. Qd5 Re8 37. e5 Qf5 38. Be4 Qf7 39. Rxb6 Kg7 40. Rb7 Re7 41. Rxe7 Qxe7 42. Qxa5 Nc5 43. Bf3 Qxe5 44. Qc3 Qxc3 45. bxc3 h4 46. Bd5 Na4 47. c4 Kf6 48. g3 Nb6 49. Kg2 Nxd5 50. cxd5 Ke5 51. gxh4 gxh4 52. Kf3 Kxd5 53. Kg4 1-0

[Event "Queens Festival Europe 2022"]
[Site "Tornelo"]
[Date "2022.06.19"]
[Round "11.3"]
[White "Okuyaz, Duru"]
[Black "Kanyamarala, Trisha"]
[Result "1-0"]
[WhiteElo "2090"]
[BlackElo "2127"]
[Annotator "NA RC"]
[PlyCount "99"]
[EventDate "2022.06.19"]
[EventType "swiss"]
[EventCountry "NET"]
[SourceTitle "playchess.com"]
[Source "ChessBase"]
[SourceQuality "1"]

1. e4 c5 2. Nf3 d6 3. Bb5+ Bd7 4. Bxd7+ Nxd7 5. O-O Ngf6 6. Re1 e6 7. c4 Rc8 8. Nc3 a6 9. b3 Qa5 10. Bb2 Be7 11. d4 cxd4 12. Nxd4 O-O 13. Qd3 Ne5 14. Qg3 Nh5 15. Qe3 h6 16. h3 Bg5 17. Qe2 Nf4 18. Qc2 Nfd3 19. Rf1 Nxb2 20. Qxb2 Bf6 21. Qd2 b5 22. cxb5 Qxc3 23. Qxc3 Rxc3 24. bxa6 Ra8 25. Nb5 Rc6 26. a4 Raxa6 27. Rfd1 d5 28. exd5 exd5 29. Ra2 Ng6 30. Rxd5 Rc1+ 31. Kh2 Be5+ 32. g3 Rb1 33. Rd3 Rc6 34. a5 Ra1 35. Rxa1 Bxa1 36. b4 Rc4 37. Rb3 Be5 38. Na3 Rc8 39. b5 Ne7 40. b6 Rb8 41. a6 Nc8 42. a7 Rxb6 43. a8=Q Rxb3 44. Qxc8+ Kh7 45. Qf5+ g6 46. Qxe5 Rxa3 47. Qf6 Ra7 48. h4 Rd7 49. h5 g5 50. Qf5+ 1-0

[Event "Queens Festival Europe 2022"]
[Site "Tornelo"]
[Date "2022.06.19"]
[Round "11.3"]
[White "Deak-Sala, Emilia"]
[Black "Can, Isil"]
[Result "1-0"]
[WhiteElo "1883"]
[BlackElo "1901"]
[Annotator "NA RC"]
[PlyCount "61"]
[EventDate "2022.06.19"]
[EventType "swiss"]
[EventCountry "NET"]
[SourceTitle "playchess.com"]
[Source "ChessBase"]
[SourceQuality "1"]

1. e4 e5 2. Nf3 Nc6 3. Bc4 Bc5 4. d3 Nf6 5. c3 d6 6. Bb3 O-O 7. Nbd2 Bb6 8. h3 Ne7 9. Nf1 Ng6 10. Ng3 c6 11. O-O d5 12. Qe2 Re8 13. a4 h6 14. Nh2 Nf4 15. Qf3 g5 16. Ng4 Nxg4 17. hxg4 Qd7 18. Nf5 Qe6 19. Bxf4 exf4 20. exd5 Qg6 21. dxc6 bxc6 22. Rfe1 Bxf5 23. gxf5 Qxf5 24. Qxc6 Rxe1+ 25. Rxe1 Rc8 26. Qxh6 f3 27. gxf3 Rd8 28. d4 Bc7 29. Qh5 Qf4 30. Qh3 Rd6 31. Re4 1-0

[Event "Queens Festival Europe 2022"]
[Site "Tornelo"]
[Date "2022.06.19"]
[Round "11.3"]
[White "Vukosavljevic, Tatjana"]
[Black "Stadlinger, Lea"]
[Result "0-1"]
[WhiteElo "1758"]
[BlackElo "1723"]
[Annotator "NA RC"]
[PlyCount "74"]
[EventDate "2022.06.19"]
[EventType "swiss"]
[EventCountry "NET"]
[SourceTitle "playchess.com"]
[Source "ChessBase"]
[SourceQuality "1"]

1. Nf3 Nf6 2. g3 g6 3. Bg2 Bg7 4. O-O O-O 5. d4 d6 6. c4 Nbd7 7. Nc3 Re8 8. e4 e5 9. Re1 exd4 10. Nxd4 Ne5 11. b3 Nc6 12. h3 Bd7 13. Be3 Qc8 14. Kh2 a6 15. a3 h6 16. Rc1 Kh7 17. Qc2 Ng4+ 18. hxg4 Nxd4 19. Bxd4 Bxd4 20. f3 Bg7 21. Nd5 Bc6 22. c5 Bxd5 23. exd5 dxc5 24. Qxc5 Qd7 25. Rxe8 Rxe8 26. Qxc7 Qxd5 27. Qc4 Qxc4 28. Rxc4 Re3 29. Rb4 b5 30. a4 Bc3 31. Rf4 Kg7 32. Re4 Rd3 33. axb5 axb5 34. Re7 Bd2 35. f4 Kf6 36. Rb7 b4 37. Kh3 Kg7 0-1

[Event "Queens Festival Europe 2022"]
[Site "Tornelo"]
[Date "2022.06.19"]
[Round "11.3"]
[White "Helgadottir, Idunn"]
[Black "Vujovic, Vera"]
[Result "0-1"]
[WhiteElo "1570"]
[BlackElo "1353"]
[Annotator "NA RC"]
[PlyCount "56"]
[EventDate "2022.06.19"]
[EventType "swiss"]
[EventCountry "NET"]
[SourceTitle "playchess.com"]
[Source "ChessBase"]
[SourceQuality "1"]

1. d4 d5 2. Nf3 c5 3. e3 Nc6 4. b3 e6 5. Bd3 Nf6 6. Bb2 a6 7. a3 b5 8. dxc5 Bxc5 9. O-O O-O 10. Nbd2 Be7 11. Ne5 Nxe5 12. Bxe5 Bd6 13. Bb2 e5 14. f4 e4 15. Be2 Bc5 16. Qe1 Bxe3+ 17. Kh1 Bxd2 18. Qxd2 Bb7 19. f5 h6 20. Rf4 Qe7 21. Qd4 Rac8 22. Rg4 Kh7 23. Rc1 Rg8 24. Rg3 Qc5 25. Qe5 Qc7 26. Qd4 Qd7 27. h4 Qxf5 28. Bg4 Nxg4 0-1

[Event "Queens Festival Europe 2022"]
[Site "Tornelo"]
[Date "2022.06.19"]
[Round "11.4"]
[White "Head, Louise"]
[Black "Machlik, Monika"]
[Result "1/2-1/2"]
[WhiteElo "2025"]
[BlackElo "2134"]
[Annotator "NA RC"]
[PlyCount "101"]
[EventDate "2022.06.19"]
[EventType "swiss"]
[EventCountry "NET"]
[SourceTitle "playchess.com"]
[Source "ChessBase"]
[SourceQuality "1"]

1. d4 Nf6 2. c4 e6 3. Nf3 Bb4+ 4. Nbd2 d6 5. a3 Bxd2+ 6. Qxd2 Nbd7 7. Qc2 e5 8. dxe5 dxe5 9. e3 O-O 10. b4 a5 11. Bb2 Qe7 12. c5 axb4 13. axb4 Rxa1+ 14. Bxa1 b6 15. Bb5 bxc5 16. Bxd7 Nxd7 17. bxc5 e4 18. c6 Nc5 19. Ne5 f6 20. Bd4 Ne6 21. Nc4 Nxd4 22. exd4 Qb4+ 23. Ke2 Ba6 24. Rc1 Rd8 25. Ke3 f5 26. g3 Qb5 27. Ne5 Qd5 28. Qc5 Qe6 29. Nd7 Bc8 30. Qe5 Bxd7 31. cxd7 Qxe5 32. dxe5 Rxd7 33. g4 fxg4 34. Kxe4 Kf7 35. Kf5 Ke7 36. Kxg4 Ke6 37. f4 g6 38. h4 Re7 39. Kg5 Rf7 40. Rc6+ Kd5 41. Rf6 Re7 42. h5 gxh5 43. Kxh5 c5 44. Rd6+ Ke4 45. Rc6 Kd5 46. Rd6+ Ke4 47. Rc6 Kxf4 48. Rxc5 Rxe5+ 49. Rxe5 Kxe5 50. Kh6 Kd4 51. Kxh7 1/2-1/2

[Event "Queens Festival Europe 2022"]
[Site "Tornelo"]
[Date "2022.06.19"]
[Round "11.4"]
[White "Grigoryan, Meri"]
[Black "Mdivani, Maka"]
[Result "1-0"]
[WhiteElo "1993"]
[BlackElo "1901"]
[Annotator "NA RC"]
[PlyCount "75"]
[EventDate "2022.06.19"]
[EventType "swiss"]
[EventCountry "NET"]
[SourceTitle "playchess.com"]
[Source "ChessBase"]
[SourceQuality "1"]

1. d4 d5 2. c4 e6 3. cxd5 exd5 4. Nc3 Nf6 5. Nf3 c5 6. Bg5 Be6 7. e3 Nbd7 8. Bb5 Be7 9. O-O O-O 10. Bxd7 Qxd7 11. dxc5 Rac8 12. Ne5 Qd8 13. Bxf6 Bxf6 14. Nd3 Bf5 15. Rc1 Bxd3 16. Qxd3 Rxc5 17. Rfd1 Bxc3 18. Rxc3 Rxc3 19. Qxc3 Re8 20. Qc5 Qf6 21. b3 Qb2 22. Qxd5 Qxa2 23. Qxb7 h6 24. g3 a5 25. Rd7 Qb1+ 26. Kg2 Qf5 27. Qd5 Qf6 28. Qxa5 Qc6+ 29. Qd5 Qf6 30. b4 Rb8 31. b5 Qg6 32. Rd6 Qg4 33. b6 Qc8 34. Rd7 Qe8 35. b7 g6 36. Rc7 Kg7 37. Qc4 Qe5 38. Qxf7+ 1-0

[Event "Queens Festival Europe 2022"]
[Site "Tornelo"]
[Date "2022.06.19"]
[Round "11.4"]
[White "van den Brink, Nienke"]
[Black "Omeri, Eklea"]
[Result "1/2-1/2"]
[WhiteElo "1771"]
[BlackElo "1525"]
[Annotator "NA RC"]
[PlyCount "71"]
[EventDate "2022.06.19"]
[EventType "swiss"]
[EventCountry "NET"]
[SourceTitle "playchess.com"]
[Source "ChessBase"]
[SourceQuality "1"]

1. e4 c6 2. d4 d5 3. exd5 cxd5 4. c4 Nf6 5. Nc3 dxc4 6. Bxc4 g6 7. Nf3 Bg7 8. O-O O-O 9. Be3 Bg4 10. h3 Bxf3 11. Qxf3 Nc6 12. Rfe1 Nxd4 13. Bxd4 Qxd4 14. Bb3 Qd7 15. Rad1 Qc7 16. Nb5 Qb6 17. Nc3 e6 18. g4 Rfd8 19. g5 Ne8 20. Ne4 Bxb2 21. Rb1 Qd4 22. Red1 Qh8 23. Rxd8 Rxd8 24. Qe2 Bd4 25. Rd1 Qe5 26. Qg4 Qf5 27. Qxf5 exf5 28. Nc5 Bxf2+ 29. Kxf2 Rxd1 30. Bxd1 b6 31. Nd7 Nd6 32. Ne5 Kg7 33. Bb3 f6 34. gxf6+ Kxf6 35. Nd3 Ne4+ 36. Kf3 1/2-1/2

[Event "Queens Festival Europe 2022"]
[Site "Tornelo"]
[Date "2022.06.19"]
[Round "11.4"]
[White "Valiyeva, Asnad"]
[Black "Ismayilova, Khanim"]
[Result "0-1"]
[WhiteElo "1237"]
[BlackElo "1647"]
[Annotator "NA RC"]
[PlyCount "72"]
[EventDate "2022.06.19"]
[EventType "swiss"]
[EventCountry "NET"]
[SourceTitle "playchess.com"]
[Source "ChessBase"]
[SourceQuality "1"]

1. d4 d5 2. Bf4 Nf6 3. e3 e6 4. Nf3 c5 5. c3 Bd6 6. Bg3 O-O 7. Nbd2 Nc6 8. Be2 Qc7 9. O-O Bxg3 10. hxg3 b6 11. Re1 Bb7 12. Bd3 Rfe8 13. Bb5 a6 14. Bxc6 Bxc6 15. Ne5 Ne4 16. Nxe4 dxe4 17. Nxc6 Qxc6 18. Qe2 f5 19. Rad1 Rad8 20. Rd2 Rd7 21. a3 a5 22. Red1 Red8 23. dxc5 bxc5 24. b4 cxb4 25. cxb4 Rxd2 26. Rxd2 Qc1+ 27. Kh2 Qxd2 28. Qf1 axb4 29. axb4 Qxb4 30. Qa6 Qe7 31. Qa4 Qf7 32. f3 Qh5+ 33. Kg1 exf3 34. gxf3 Qxf3 35. Qa2 Rd1+ 36. Kh2 Rh1# 0-1

[Event "Queens Festival Europe 2022"]
[Site "Tornelo"]
[Date "2022.06.19"]
[Round "11.5"]
[White "Smith, Olivia"]
[Black "Ibrahimova, Sabina"]
[Result "0-1"]
[WhiteElo "2039"]
[BlackElo "2146"]
[Annotator "NA RC"]
[PlyCount "66"]
[EventDate "2022.06.19"]
[EventType "swiss"]
[EventCountry "NET"]
[SourceTitle "playchess.com"]
[Source "ChessBase"]
[SourceQuality "1"]

1. e4 c5 2. Nf3 Nc6 3. Bb5 g6 4. O-O Bg7 5. Bxc6 bxc6 6. d3 Nh6 7. c3 d6 8. Nbd2 O-O 9. Re1 f6 10. d4 cxd4 11. cxd4 Nf7 12. h3 Bd7 13. Nf1 a5 14. Ng3 a4 15. Be3 Qa5 16. Qd2 Qa6 17. Bh6 Bxh6 18. Qd1 Qb7 19. Rb1 e5 20. Ne2 exd4 21. Qxd4 Bg7 22. Qd2 Rfe8 23. Nc3 Be6 24. Nd4 Ne5 25. f4 Nc4 26. Qf2 Bf7 27. f5 c5 28. fxg6 hxg6 29. Ndb5 Rad8 30. Kh1 Qc6 31. b3 axb3 32. axb3 Ne5 33. Na3 Nd3 0-1

[Event "Queens Festival Europe 2022"]
[Site "Tornelo"]
[Date "2022.06.19"]
[Round "11.5"]
[White "Shuqja, Klean"]
[Black "Grimaldi, Angela Flavia"]
[Result "0-1"]
[WhiteElo "1839"]
[BlackElo "1995"]
[Annotator "NA RC"]
[PlyCount "86"]
[EventDate "2022.06.19"]
[EventType "swiss"]
[EventCountry "NET"]
[SourceTitle "playchess.com"]
[Source "ChessBase"]
[SourceQuality "1"]

1. e4 c5 2. Nf3 g6 3. c3 d5 4. Bb5+ Bd7 5. Bxd7+ Qxd7 6. exd5 Qxd5 7. d4 Bg7 8. Be3 cxd4 9. Bxd4 Nf6 10. O-O O-O 11. Re1 Nc6 12. Na3 Nxd4 13. Qxd4 Qxd4 14. Nxd4 e6 15. Rad1 a6 16. Nc4 b5 17. Ne3 Rac8 18. a4 bxa4 19. Ra1 Rb8 20. Re2 e5 21. Nc6 Rb6 22. Nb4 a5 23. Nd3 e4 24. Nc5 Rfb8 25. Nxa4 Rc6 26. Rd2 Bh6 27. h3 Kg7 28. Re2 Nd7 29. Ng4 Bf4 30. g3 Bd6 31. Ne3 f5 32. Nd5 Ne5 33. Ne3 Nf3+ 34. Kg2 Be7 35. Rc2 Bf6 36. Nd5 Bd8 37. Rcc1 Rd6 38. Ne3 Bg5 39. Nc4 Rd7 40. Rd1 Rbd8 41. Rxd7+ Rxd7 42. Nc5 Rd8 43. Rxa5 Rd1 0-1

[Event "Queens Festival Europe 2022"]
[Site "Tornelo"]
[Date "2022.06.19"]
[Round "11.6"]
[White "Steffensen, Elena"]
[Black "Amrayeva, Aytan"]
[Result "0-1"]
[WhiteElo "2044"]
[BlackElo "2143"]
[Annotator "NA RC"]
[PlyCount "108"]
[EventDate "2022.06.19"]
[EventType "swiss"]
[EventCountry "NET"]
[SourceTitle "playchess.com"]
[Source "ChessBase"]
[SourceQuality "1"]

1. e4 c5 2. Nc3 Nc6 3. f4 d6 4. Nf3 e5 5. Bc4 h6 6. O-O Nf6 7. fxe5 dxe5 8. Nd5 Be7 9. Nxe7 Qxe7 10. d3 O-O 11. Qe1 Be6 12. Qg3 Kh8 13. Bxe6 Qxe6 14. Be3 b6 15. Nh4 Qg4 16. Qf2 Nh5 17. Nf5 Nd4 18. h3 Qg6 19. Nh4 Qg3 20. Qxg3 Nxg3 21. Rf2 g5 22. Nf3 f6 23. Kh2 Nh5 24. g4 Ng7 25. c3 Nc6 26. Raf1 Rad8 27. Ne1 Ne8 28. h4 Rg8 29. h5 Kg7 30. a3 Rd6 31. Rf3 Nc7 32. Bc1 Rgd8 33. R1f2 Rf8 34. Rf1 Ne6 35. Ng2 Nf4 36. Ne3 Rxd3 37. Nf5+ Kh7 38. Bxf4 Rxf3 39. Rxf3 exf4 40. Rd3 Rd8 41. Rxd8 Nxd8 42. Ne7 Kg7 43. Nd5 Kf7 44. Kg2 Nc6 45. Nc7 Ne5 46. Nb5 Nxg4 47. Nxa7 Ne3+ 48. Kf3 Nd1 49. Nc8 Nxb2 50. Nxb6 Ke6 51. Nc8 Ke5 52. Nb6 Nd3 53. Nd7+ Kd6 54. Nxf6 Ne5+ 0-1

[Event "Queens Festival Europe 2022"]
[Site "Tornelo"]
[Date "2022.06.19"]
[Round "11.6"]
[White "Sava, Ana-Maria"]
[Black "Cassi, Elisa"]
[Result "1-0"]
[WhiteElo "1916"]
[BlackElo "1999"]
[Annotator "NA RC"]
[PlyCount "117"]
[EventDate "2022.06.19"]
[EventType "swiss"]
[EventCountry "NET"]
[SourceTitle "playchess.com"]
[Source "ChessBase"]
[SourceQuality "1"]

1. e4 c6 2. d4 d5 3. e5 Bf5 4. h3 e6 5. Nf3 Ne7 6. Nc3 h5 7. Bg5 Qb6 8. Rb1 Nd7 9. a3 c5 10. dxc5 Nxc5 11. Nb5 Ne4 12. Be3 Qd8 13. Bd3 a6 14. Bxe4 axb5 15. Bd3 Nc6 16. Bxf5 exf5 17. Bf4 b4 18. axb4 Bxb4+ 19. c3 Bc5 20. O-O O-O 21. Bg5 Be7 22. Bf4 h4 23. Nd4 g5 24. Bh2 Nxd4 25. cxd4 Qb6 26. Qh5 Qg6 27. Qe2 Rfc8 28. Rfc1 Qb6 29. Qd2 Rxc1+ 30. Rxc1 Ra4 31. Rc8+ Kg7 32. e6 Qxe6 33. Rc1 Bf6 34. Be5 Bxe5 35. dxe5 f4 36. Qc3 Rc4 37. Qd2 Rxc1+ 38. Qxc1 Qxe5 39. Qd2 d4 40. Kf1 Qb5+ 41. Ke1 Qc4 42. g3 hxg3 43. fxg3 d3 44. gxf4 Qxf4 45. Qxd3 Qe5+ 46. Kd2 Qxb2+ 47. Ke3 Qe5+ 48. Kf2 Qf4+ 49. Ke1 Qh4+ 50. Kd2 Qb4+ 51. Ke2 Qb2+ 52. Kf3 Qf6+ 53. Kg2 Qc6+ 54. Kg3 b5 55. Qd4+ Qf6 56. Qd3 Qf4+ 57. Kg2 Qc4 58. Qf3 b4 59. Qf5 1-0

[Event "Queens Festival Europe 2022"]
[Site "Tornelo"]
[Date "2022.06.19"]
[Round "11.6"]
[White "Egger, Stefanie"]
[Black "Posadas, Rayelynn"]
[Result "0-1"]
[WhiteElo "1700"]
[BlackElo "1648"]
[Annotator "NA RC"]
[PlyCount "60"]
[EventDate "2022.06.19"]
[EventType "swiss"]
[EventCountry "NET"]
[SourceTitle "playchess.com"]
[Source "ChessBase"]
[SourceQuality "1"]

1. d4 c5 2. d5 Nf6 3. c4 b5 4. cxb5 a6 5. bxa6 g6 6. e3 Bg7 7. Nf3 O-O 8. Nc3 Qa5 9. Bd2 Bxa6 10. Bxa6 Qxa6 11. Qe2 Qxe2+ 12. Kxe2 Na6 13. Rhb1 Rfb8 14. e4 d6 15. h3 Nd7 16. a3 c4 17. Ke3 Nac5 18. Nd4 Bxd4+ 19. Kxd4 Nb3+ 20. Kxc4 Nxa1 21. Rxa1 Rxb2 22. Kd3 Ne5+ 23. Ke2 Nc4 24. Rd1 Rxa3 25. Ke1 Rc2 26. Nb5 Raa2 27. Be3 Nxe3 28. fxe3 Re2+ 29. Kf1 Rxg2 30. Ke1 Rg1# 0-1

[Event "Queens Festival Europe 2022"]
[Site "Tornelo"]
[Date "2022.06.19"]
[Round "11.6"]
[White "Strnadova, Monika"]
[Black "Tani, Selina"]
[Result "1-0"]
[WhiteElo "1518"]
[BlackElo "1146"]
[Annotator "NA RC"]
[PlyCount "113"]
[EventDate "2022.06.19"]
[EventType "swiss"]
[EventCountry "NET"]
[SourceTitle "playchess.com"]
[Source "ChessBase"]
[SourceQuality "1"]

1. e4 c5 2. Nf3 d6 3. d4 cxd4 4. Nxd4 Nf6 5. Nc3 a6 6. Be3 e6 7. a4 Be7 8. Be2 Qc7 9. Nb3 Nc6 10. f4 Bd7 11. O-O O-O 12. Bf3 Rac8 13. g4 Ne8 14. g5 f6 15. g6 hxg6 16. Qe1 f5 17. exf5 exf5 18. Nd5 Qd8 19. Bb6 Bh4 20. Qe2 Nc7 21. Bxc7 Rxc7 22. Nxc7 Qxc7 23. Bd5+ Kh8 24. Qg2 Qb6+ 25. Kh1 Be8 26. Qh3 Qd8 27. Nd2 Bf7 28. Bxf7 Rxf7 29. Nf3 Kg8 30. Qxh4 Qb6 31. Ng5 Rc7 32. Qh7+ Kf8 33. Qh8+ Ke7 34. Rae1+ Kd7 35. Qxg7+ Kc8 36. Qxg6 Nd8 37. Re8 Qc6+ 38. Nf3 Rd7 39. Qxf5 Kc7 40. Re3 Rf7 41. Qxf7+ Nxf7 42. Rc3 Kd7 43. Rxc6 bxc6 44. Rd1 d5 45. Ne5+ Nxe5 46. fxe5 Ke6 47. Re1 c5 48. h4 d4 49. h5 Kf7 50. e6+ Kg7 51. e7 Kh6 52. e8=Q Kg5 53. Qg6+ Kf4 54. Re4+ Kf3 55. Qf5+ Kg3 56. Rg4+ Kh3 57. Qf3# 1-0

[Event "Queens Festival Europe 2022"]
[Site "Tornelo"]
[Date "2022.06.19"]
[Round "11.7"]
[White "Maksimovic, Suzana"]
[Black "Tsakona, Maria"]
[Result "1/2-1/2"]
[WhiteElo "2145"]
[BlackElo "2007"]
[Annotator "NA RC"]
[PlyCount "94"]
[EventDate "2022.06.19"]
[EventType "swiss"]
[EventCountry "NET"]
[SourceTitle "playchess.com"]
[Source "ChessBase"]
[SourceQuality "1"]

1. d4 Nf6 2. Bg5 d5 3. e3 g6 4. Nd2 c6 5. c3 h6 6. Bxf6 exf6 7. Bd3 Bd6 8. g3 f5 9. Ne2 Nd7 10. h4 h5 11. Qc2 Nf6 12. Nf3 Qe7 13. O-O-O Be6 14. Nf4 O-O-O 15. Kb1 Kb8 16. Ne5 Bxe5 17. dxe5 Nd7 18. Nxe6 Qxe6 19. f4 Ka8 20. Rhe1 Rc8 21. c4 Rhd8 22. Qe2 Nc5 23. cxd5 cxd5 24. Bc2 Qb6 25. Rd4 Ne6 26. Rd3 d4 27. Bb3 Nc5 28. Rxd4 Nxb3 29. axb3 Rxd4 30. exd4 Qxd4 31. e6 fxe6 32. Qxe6 Qd3+ 33. Ka2 Rd8 34. Qxg6 a6 35. Re8 Rxe8 36. Qxe8+ Ka7 37. Qxh5 Qb5 38. Qg5 Qa5+ 39. Kb1 Qe1+ 40. Ka2 Qa5+ 41. Kb1 Qe1+ 42. Kc2 Qe2+ 43. Kc3 Qe3+ 44. Kc4 Qe4+ 45. Kc3 Qe3+ 46. Kc2 Qe2+ 47. Kb1 Qe1+ 1/2-1/2

[Event "Queens Festival Europe 2022"]
[Site "Tornelo"]
[Date "2022.06.19"]
[Round "11.7"]
[White "Gjergji, Rozana"]
[Black "Rahimli, Izzat"]
[Result "0-1"]
[WhiteElo "1920"]
[BlackElo "1817"]
[Annotator "NA RC"]
[PlyCount "92"]
[EventDate "2022.06.19"]
[EventType "swiss"]
[EventCountry "NET"]
[SourceTitle "playchess.com"]
[Source "ChessBase"]
[SourceQuality "1"]

1. e4 e6 2. d4 d5 3. e5 c5 4. c3 Nd7 5. f4 Ne7 6. Na3 Ng6 7. Nc2 Be7 8. Bd3 Nb6 9. Nf3 Bd7 10. O-O cxd4 11. Ncxd4 O-O 12. f5 exf5 13. Nxf5 Bc5+ 14. Kh1 Bxf5 15. Bxf5 Nd7 16. Bg5 Qc7 17. Bxg6 hxg6 18. Qxd5 Nb6 19. Qe4 Be7 20. Rae1 Rfe8 21. Qh4 Bf8 22. Bf4 Be7 23. Ng5 Bxg5 24. Qxg5 Nd5 25. Bg3 Qe7 26. Qd2 Rad8 27. Qf2 Nb6 28. Bh4 g5 29. Bg3 Qe6 30. b3 Nd5 31. c4 Nb4 32. a3 Nd3 33. Qxa7 Nxe1 34. Rxe1 Qc6 35. Qe3 f6 36. e6 Re7 37. h4 gxh4 38. Bf4 Rde8 39. Qf2 Rxe6 40. Rf1 Re2 41. Qf3 Qxf3 42. Rxf3 g5 43. Bc7 Kg7 44. c5 g4 45. Rf4 g3 46. Rf1 Re1 0-1

[Event "Queens Festival Europe 2022"]
[Site "Tornelo"]
[Date "2022.06.19"]
[Round "11.7"]
[White "Frundina, Yelyzaveta"]
[Black "Subramanian, Anusha"]
[Result "0-1"]
[WhiteElo "1624"]
[BlackElo "1671"]
[Annotator "NA RC"]
[PlyCount "46"]
[EventDate "2022.06.19"]
[EventType "swiss"]
[EventCountry "NET"]
[SourceTitle "playchess.com"]
[Source "ChessBase"]
[SourceQuality "1"]

1. Nf3 d5 2. e4 dxe4 3. Ng5 Nf6 4. d3 exd3 5. Bxd3 Bg4 6. f3 Bh5 7. Nc3 e6 8. Nge4 Nbd7 9. Be3 Bg6 10. O-O Be7 11. Nxf6+ Nxf6 12. Bxg6 hxg6 13. h3 c6 14. Qd4 Qxd4 15. Bxd4 Rd8 16. Bxa7 Nd5 17. Nxd5 Rxd5 18. Rfd1 Bf6 19. c3 Ke7 20. a4 Rhd8 21. Bb6 Rxd1+ 22. Rxd1 Rxd1+ 23. Kf2 Rd2+ 0-1

[Event "Queens Festival Europe 2022"]
[Site "Tornelo"]
[Date "2022.06.19"]
[Round "11.8"]
[White "Sikorova, Olga"]
[Black "Machlik, Edit"]
[Result "1-0"]
[WhiteElo "2173"]
[BlackElo "2084"]
[Annotator "TA"]
[PlyCount "123"]
[EventDate "2022.06.19"]
[EventType "swiss"]
[EventCountry "NET"]
[SourceTitle "playchess.com"]
[Source "ChessBase"]
[SourceQuality "1"]

1. c4 e5 2. g3 Nf6 3. Bg2 d5 4. cxd5 Nxd5 5. Nf3 Nc6 6. O-O Be7 7. b3 O-O 8. Bb2 f6 9. Nc3 Nb6 10. Rc1 Be6 11. Ne4 Qd7 12. Re1 Rfd8 13. Nc5 Bxc5 14. Rxc5 e4 15. Nh4 Qxd2 16. Qc1 Qxc1 17. Rexc1 Bd5 18. Nf5 Rd7 19. Ne3 Re8 20. Rd1 Be6 21. Bxe4 Rxd1+ 22. Nxd1 Rd8 23. Ne3 Rd2 24. Rc2 Rxc2 25. Bxc2 Nd5 26. Nxd5 Bxd5 27. a3 Na5 28. b4 Nc4 29. Bc1 Kf7 30. e4 Be6 31. f4 Nd6 32. Kf2 Bc4 33. Ke3 Ke6 34. Bb2 Bf1 35. f5+ Ke7 36. Bd3 Bxd3 37. Kxd3 Nf7 38. Kc4 Kd6 39. Bd4 Ne5+ 40. Kc3 a6 41. Bc5+ Kd7 42. Bf8 g6 43. fxg6 hxg6 44. h4 Ng4 45. Kd3 Ne5+ 46. Ke2 Ke6 47. Bc5 Nc4 48. a4 b6 49. Bd4 b5 50. axb5 axb5 51. g4 Nd6 52. h5 gxh5 53. gxh5 Nxe4 54. h6 Ng5 55. Be3 Nh7 56. Kd3 f5 57. Kd4 c6 58. Bf4 Nf6 59. Bg5 Nh7 60. Bf4 Nf6 61. Bc7 Kd7 62. Be5 1-0

[Event "Queens Festival Europe 2022"]
[Site "Tornelo"]
[Date "2022.06.19"]
[Round "11.8"]
[White "Stastna, Martina"]
[Black "Stewart-Bermann, Tanya"]
[Result "0-1"]
[WhiteElo "1912"]
[BlackElo "1863"]
[Annotator "NA RC"]
[PlyCount "46"]
[EventDate "2022.06.19"]
[EventType "swiss"]
[EventCountry "NET"]
[SourceTitle "playchess.com"]
[Source "ChessBase"]
[SourceQuality "1"]

1. e4 c5 2. Nf3 d6 3. Bb5+ Bd7 4. Bxd7+ Qxd7 5. O-O Nc6 6. d4 cxd4 7. Nxd4 Nf6 8. Nc3 g6 9. Be3 Bg7 10. Qd2 O-O 11. Nxc6 bxc6 12. Bh6 Rab8 13. Bxg7 Kxg7 14. b3 c5 15. Nd5 Nxe4 16. Qe3 Qe6 17. Nf4 Qe5 18. Nd3 Qd4 19. Qxd4+ cxd4 20. Rfe1 Nc5 21. Rxe7 Nxd3 22. cxd3 Rbc8 23. Rc1 Rxc1+ 0-1

[Event "Queens Festival Europe 2022"]
[Site "Tornelo"]
[Date "2022.06.19"]
[Round "11.8"]
[White "Rahimli, Ulkar"]
[Black "Fernando, Manel"]
[Result "1-0"]
[WhiteElo "1268"]
[BlackElo "1477"]
[Annotator "NA RC"]
[PlyCount "95"]
[EventDate "2022.06.19"]
[EventType "swiss"]
[EventCountry "NET"]
[SourceTitle "playchess.com"]
[Source "ChessBase"]
[SourceQuality "1"]

1. d4 d5 2. Nf3 Nf6 3. e3 e6 4. Bd3 Bd6 5. O-O Nbd7 6. b3 O-O 7. Bb2 Re8 8. Ne5 c6 9. f4 Ne4 10. Nd2 f5 11. Qh5 Qf6 12. Qxe8+ Nf8 13. Qh5 Nxd2 14. Rf2 Ne4 15. Bxe4 dxe4 16. g4 Bxe5 17. fxe5 Qg6 18. Qxg6 Nxg6 19. gxf5 exf5 20. c4 Be6 21. Rd1 Rd8 22. Rfd2 Nh4 23. Kh1 Nf3 24. Re2 a6 25. Ba3 g5 26. Bd6 Kg7 27. d5 cxd5 28. cxd5 Bxd5 29. Rxd5 Kg6 30. e6 Kf6 31. e7 Re8 32. Bc5 g4 33. Rd8 Kf7 34. Kg2 Ne5 35. Rf2 Rxe7 36. Rxf5+ Ke6 37. Rxe5+ Kxe5 38. Bxe7 h5 39. Bd6+ Ke6 40. Bc7 b5 41. Rd6+ Ke7 42. Rxa6 Kd7 43. a4 bxa4 44. bxa4 Kxc7 45. Rh6 Kb7 46. Kg3 Ka7 47. Kf4 Kb7 48. Ke5 1-0

[Event "Queens Festival Europe 2022"]
[Site "Tornelo"]
[Date "2022.06.19"]
[Round "11.9"]
[White "Roy, Ali"]
[Black "Arora, Tashika"]
[Result "0-1"]
[WhiteElo "1893"]
[BlackElo "1822"]
[Annotator "NA RC"]
[PlyCount "92"]
[EventDate "2022.06.19"]
[EventType "swiss"]
[EventCountry "NET"]
[SourceTitle "playchess.com"]
[Source "ChessBase"]
[SourceQuality "1"]

1. Nf3 d5 2. g3 Nf6 3. Bg2 e6 4. O-O Be7 5. d3 O-O 6. Nbd2 c5 7. e4 Nc6 8. Qe1 b6 9. e5 Nd7 10. c3 Ba6 11. Qe2 Qc7 12. Re1 Rac8 13. Qe3 Qb8 14. d4 cxd4 15. cxd4 Nb4 16. Qa3 Qb7 17. Rd1 Rfe8 18. Qb3 Nc2 19. Rb1 Be2 20. Re1 Nxe1 21. Nxe1 Ba6 22. Ndf3 Bc4 23. Qe3 Bxa2 24. Ra1 Bc4 25. Bd2 a5 26. Nd3 Bxd3 27. Qxd3 Nb8 28. h4 Qa6 29. Qe3 Nc6 30. h5 Qb5 31. b3 Nb4 32. Bf1 Qc6 33. Rc1 Qb7 34. Bc3 Na2 35. Rc2 Nxc3 36. Rxc3 Rxc3 37. Qxc3 Rc8 38. Qe3 Qc6 39. h6 g6 40. Ng5 Qc1 41. Qxc1 Rxc1 42. f4 Bxg5 43. fxg5 Rc3 44. Kf2 Rxb3 45. Ba6 a4 46. g4 a3 0-1